Komparácia kultúrnych dimenzií v Českej republike a na Slovensku vo vybranom segmente

V dnešnej dobe má čoraz väčší význam poznanie rozdielov v kultúre a dopad týchto rozličných kultúr na vnímanie a kúpne správanie zákazníkov. Rozdielne kultúry majú odlišné zvyky, hodnoty a týmto rozdielom je nutné prispôsobiť aj komunikačný mix. V príspevku sú porovnané kultúrne dimenzie v segmente...

Descrizione completa

Salvato in:
Dettagli Bibliografici
Autore principale: Mihoková, Martina
Natura: Capitolo di libro
Lingua:slovacco
Soggetti:
Tags: Aggiungi Tag
Nessun Tag, puoi essere il primo ad aggiungerne!!

MARC

LEADER 00000nla$a2200000$$$4500
001 0076378
005 20220801085342.4
041 0 |a slo 
044 |a CZ 
245 1 0 |a Komparácia kultúrnych dimenzií v Českej republike a na Slovensku vo vybranom segmente  |c Martina Mihoková 
520 |a V dnešnej dobe má čoraz väčší význam poznanie rozdielov v kultúre a dopad týchto rozličných kultúr na vnímanie a kúpne správanie zákazníkov. Rozdielne kultúry majú odlišné zvyky, hodnoty a týmto rozdielom je nutné prispôsobiť aj komunikačný mix. V príspevku sú porovnané kultúrne dimenzie v segmente mladých ľudí (14-29) v Českej republike a na Slovensku a určené dopady týchto kultúrnych rozdielov pri tvorbe reklamy. 
610 2 0 |a kultúra 
610 2 0 |a Česko 
610 2 0 |a Slovensko 
610 2 0 |a mix komunikačný 
610 2 0 |a reklama 
100 1 |a Mihoková, Martina